000 02506nkm0a2200457 4500
001 RU\NLR\BIBL_A\022108069
005 20260406181854.0
035 _a(NLR Aleph) 022108069
090 _a13460658
_c13460658
100 _a20240115d1929 u y0rusy50 ca
101 0 _arus
102 _aRU
116 _aiiycxx bf ad
135 _acrcn 024anaba
181 0 _ab4
_bxb2e
182 0 _an
200 1 _aВорота Кавказа
_eработа Ник. Лебедева
_eВосхождение на вершину Казбека. В стране "крестоносцев". Языческий праздник в Мтиулетии. Военно-Грузинская дорога. Первая в Европе кино-с'емка на высоте 5000 метров
_eпроизводство Совкино
_e[плакат]
_fА. Павлов, П. Клеттенберг
203 _aИзображение
_bнеподвижное
_bдвухмерное
_bвизуальное
_cнепосредственное
210 _aМосква
_cиздание Совкино
_d1929
_e[Москва]
_gЛитография Совкино
215 _a1 л.
_cхромолитогр.
_d92,3х70,7
300 _aНа л. слева внизу фабр. марка "Совкино"
300 _aВ вып. данных: Мосгублит № 49465
300 _aНа. л. слева внизу текст "Одинарный-1 В"
325 _aКопия доступна в электронной библиотеке РНБ
606 1 _aКиноплакат русский советский
_92131134
_3RU\NLR\AUTH\661589765
606 1 _aГоры
_jПлакаты
_91131218
_3RU\NLR\auth\66130083
686 _aЩ153(2Р=Рус)7-465
700 1 _aПавлов
_bА.
_p040
702 1 _aКлеттенберг
_bП. П.
_f1904-1938
_gПетр Петрович
_4040
712 0 2 _4570
_a"Совкино", акционерное общество
_cМосква
_3RU\NLR\AUTH\889946752
_9389114
852 0 0 _aNLR
_bЭ
_jАфИс900-II/В758
_mинв.156779
856 0 _uhttps://vivaldi.nlr.ru/la500001409/view
856 1 _uhttps://vivaldi.nlr.ru/la500001409/cover
856 2 _uhttps://vivaldi.nlr.ru/la500001409/text
942 _cVISUAL
980 _aNB
981 1 7 _a(17) Изографические материалы
_b(17) Плакаты